Modern-Day Countries of the Dzungar Khanate with a Map - Statistics

General Stats
  • This quiz has been taken 4,150 times
  • The average score is 13 of 13
Answers on the Map
Answers color-coded by a green-red scale on the quiz's map according to % correct below.
 
Answer Stats
Countries % Correct
China
100%
India
99%
Kazakhstan
99%
Mongolia
99%
Nepal
99%
Russia
99%
Afghanistan
98%
Kyrgyzstan
98%
Pakistan
98%
Tajikistan
98%
Uzbekistan
98%
Bhutan
97%
Myanmar
97%
No matching quizzes found
Score Distribution
Percent of People with Each Score
Percentile by Number Answered
Your Score History
You have not taken this quiz